Study to assess the Impact of Early and Delayed Antenatal Registration on Outcome of Pregnancy Among Postnatal Mother in Selected Maternity Hospital (Record no. 251482)

MARC details
000 -LEADER
fixed length control field 00476pam a2200157a 44500
008 - FIXED-LENGTH DATA ELEMENTS--GENERAL INFORMATION
fixed length control field 230405s xxu||||| |||| 00| 0 eng d
082 ## - DEWEY DECIMAL CLASSIFICATION NUMBER
Classification number
Item number LUK
100 ## - MAIN ENTRY--PERSONAL NAME
Personal name Lukose,Anu
245 ## - TITLE STATEMENT
Title Study to assess the Impact of Early and Delayed Antenatal Registration on Outcome of Pregnancy Among Postnatal Mother in Selected Maternity Hospital
260 ## - PUBLICATION, DISTRIBUTION, ETC.
Place of publication, distribution, etc.
Name of publisher, distributor, etc.
Date of publication, distribution, etc.
502 ## - DISSERTATION NOTE
Dissertation note text
700 ## - ADDED ENTRY--PERSONAL NAME
Personal name Joseph,Jiby
700 ## - ADDED ENTRY--PERSONAL NAME
Personal name Jesintha,T
700 ## - ADDED ENTRY--PERSONAL NAME
Personal name Dhanorkar,Pratiksha
906 ## - LOCAL DATA ELEMENT F, LDF (RLIN)
a 002990

No items available.